000 00849nam a2200193Ia 4500
008 151121s9999||||xx |||||||||||||| ||und||
082 _a814/खेर
082 _bHNW-75383
100 _aखेर सी। पं।
245 _aराज्यअर्थशास्त्रज्ञ जॉन केनेथ गालब्रेथ
260 _b"दिलीपराज प्रकाशन प्रा। लि।, पुणे।"
260 _c--
300 _a112
600 _aखेर सी। पं।
630 _aराज्यअर्थशास्त्रज्ञ जॉन केनेथ गालब्रेथ
700 _aखेर सी। पं।
730 _aराज्यअर्थशास्त्रज्ञ जॉन केनेथ गालब्रेथ
942 _cBOOK
999 _c1256823
_d1256820